1541 1881 1476 1047 1634 1988 1182 1198 1202 1142 1154 1980 1750 1835 1638 1003 1733 1708 1338 1598 1772 1001 1629 1743 1082 1136 1172 1333 1413 1411 1572 1231 1298 1513 1695 1609 1696 1420 1810 1156 1047 1130 1409 1142 1631 1875 1969 1508 1045 1903 1132 1205 1121 1153 1788 1825 1603 1055 1418 1836 1752 1252 1817 1987 1782 1601 1401 1742 1431 1455 1205 1054 1234 1822 1308 1702 1367 1780 1714 1044 1656 1409 1452 1581 1045 1102 1315 1059 1266 1202 1537 1635 1858 1088 1181 1066 1779 1895 1626 BCNSPRNW ULIB Ver.6.0+V

เปลี่ยนเป็นภาษาไทย

Change to English
 แสดงรายละเอียดบรรณานุกรม
  กลับหน้าหลัก

Brief Record : Get Marc (ISO 2709) : E-mail record : QR code < ปิดหน้าต่าง
LEADER : 00000nam 2200000uu 4500
001    13399110320
003     ULIB
008    110428s2545||||th 000 0 tha d
020    9745718424
060 00 WM270^bท499จ 2545
100 0  ทิพาวดี เอมะวรรธนะ
245 10 จิตวิทยาการปรึกษาสำหรับผู้ติดยาเสพย์ติด /^cทิพาวดี เอมะวรรธนะ
250    พิมพ์ครั้งที่ 1
260    กรุงเทพฯ :^bมหาวิทยาลัยธรรมศาสตร์,^c2545
300     (17), 408 หน้า
500    หนังสือที่ได้รับทุนสนับสนุนการพิมพ์ในโครงการรางวัล TTFAward
504    มีบรรณานุกรมประกอบ
650  2 Counseling
650  2 Substance dependence
650  7 การให้คำปรึกษา
650  7 คนติดยาเสพติด^xการให้คำปรึกษา
650  7 คนติดยาเสพติด^xการฟื้นฟูสมรรถภาพ
945    ^p350^l0^i015606
945    ^p350^l0^i015607
995    ทศพร
999 ^a ใช้งานได้ทุกระบบ
รายการนี้ยังไม่มีแท็ก
คุณยังไม่ได้ล็อกอิน คุณสามารถมีกิจกรรมร่วมกับเว็บไซต์ได้ แต่ต้องล็อกอินก่อน ::
  ล็อกอิน

รายการสื่อสารสนเทศ

ลำดับที่ ประเภท เลขเรียก/บาร์โค้ด สถานที่ สถานะ
- ไม่พบข้อมูล -

รายการใกล้เคียง
    ผู้แต่ง [ทิพาวดี เอมะวรรธนะ]

    หัวเรื่อง [Counseling]
    หัวเรื่อง [Substance dependence]
    หัวเรื่อง [การให้คำปรึกษา]

BibComment


ยังไม่เคยถูกคอมเมนท์

คอมเมนท์ทรัพยากรรายการนี้
  คอมเมนท์: จิตวิทยาการปรึกษา..


 Copyright 2026. Bcnsprnw @Library